000 00786nam a22002177a 4500
999 _c7687
_d7687
003 AR-CdUCM
008 190321b ||||| |||| 00| 0 spa d
040 _aMUNICIPALIDAD PROVINCIAL DEL CUSCO
_cBIBLIOTECA MUNICIPAL DEL CUSCO
082 _a508.3 /
_bP53
100 _aPiccard, Jacques
_921701
245 _aProfundidad 11.000 metros /
260 _aEspaña :
_bBruguera,
_c1962.
300 _a331 paginas ;
_c21 cm.
505 _aContenido :Dakar -- Los años difíciles -- Las primeras inmersiones del trieste -- América y el batiscafo -- Inmersión numero 7 ...
650 _aOcéano pacifico
_921702
650 _aLas millas marinas
_921703
700 _aDietz, R. S. (colaborador)
_921704
700 _aPiñeiro, Jaime (traductor)
_92626
942 _2ddc
_cLIBROS
945 _arum